[Event "GER Cup Net Final-C U1600"]
[Site "Playchess.com INT"]
[Date "2020.06.06"]
[Round "8"]
[White "Pottgiesser, Ulrich"]
[Black "Hausmann, Ulrich"]
[Result "0-1"]
[WhiteElo "1396"]
[BlackElo "1490"]
[PlyCount "86"]
[EventDate "2020.06.06"]
[EventType "swiss (blitz)"]
[EventRounds "13"]
[EventCountry "GER"]
[SourceTitle "CBM 197 Extra"]
[Source "ChessBase"]
[SourceDate "2020.09.30"]
[SourceVersion "1"]
[SourceVersionDate "2020.09.30"]
[SourceQuality "1"]

1. e4 d6 2. d4 e6 3. Nf3 Bd7 4. Nc3 Nc6 5. a3 e5 6. d5 Nce7 7. Bd3 Ng6 8. 0-0 Nf6 9. h3 a6 10. Be3 Qc8 11. Rc1 h5 12. b4 Bxh3 13. Ng5 Bg4 14. f3 Bd7 15. Ne2 h4 16. c4 h3 17. gxh3 Bxh3 18. Nxh3 Qxh3 19. Kf2 Nf4 20. Bxf4 exf4 21. Ke1 Qg2 22. Kd2 Rh2 23. Qe1 Nh5 24. Kc3 g6 25. Rg1 Bg7+ 26. Kb3 Qxf3 27. Qf1 Qxd3+ 28. Rc3 Bxc3 29. Nxc3 Qxf1 30. Rxf1 0-0-0 31. Ka4 Rh3 32. Ne2 f3 33. Nd4 Ng3 34. Rxf3 f5 35. exf5 gxf5 36. Nxf5 Nxf5 37. Rxf5 b6 38. b5 a5 39. Rf7 Re8 40. Rg7 Ree3 41. Rg8+ Kb7 42. Rb8+ Kxb8 43. c5 Rxa3# 0-1

[Event "GER Cup Net Final-C U1600"]
[Site "Playchess.com INT"]
[Date "2020.06.06"]
[Round "2"]
[White "Pottgiesser, Ulrich"]
[Black "Watermann, Bernd"]
[Result "0-1"]
[WhiteElo "1396"]
[BlackElo "1605"]
[PlyCount "124"]
[EventDate "2020.06.06"]
[EventType "swiss (blitz)"]
[EventRounds "13"]
[EventCountry "GER"]
[SourceTitle "CBM 197 Extra"]
[Source "ChessBase"]
[SourceDate "2020.09.30"]
[SourceVersion "1"]
[SourceVersionDate "2020.09.30"]
[SourceQuality "1"]

1. e4 e6 2. d4 d5 3. e5 c5 4. c3 Qb6 5. Nf3 Bd7 6. Bd3 Bb5 7. Bxb5+ Qxb5 8. a4 Qb6 9. dxc5 Bxc5 10. 0-0 Be7 11. b4 a6 12. Be3 Qc7 13. Bd4 Nh6 14. a5 Nf5 15. Qd3 Nc6 16. Nbd2 Nfxd4 17. Nxd4 Nxe5 18. Qe2 Ng6 19. Rac1 0-0 20. N2f3 Rac8 21. Rc2 Nf4 22. Qe3 Bf6 23. g3 Bxd4 24. Qxd4 Ng6 25. Rfc1 Qc4 26. Ne5 Qxd4 27. cxd4 Rxc2 28. Rxc2 Nxe5 29. dxe5 f6 30. exf6 gxf6 31. Rc7 Rf7 32. Rc8+ Kg7 33. Kf1 e5 34. Ke2 Kg6 35. f3 Kf5 36. h3 h5 37. Rh8 Kg6 38. Rg8+ Kh7 39. Rd8 d4 40. Kd3 Kg6 41. Rd5 Kf5 42. b5 axb5 43. Rxb5 Rc7 44. Rb3 Ke6 45. Ke4 f5+ 46. Kd3 Kd5 47. Rb5+ Kd6 48. Rb6+ Kc5 49. Rh6 Kd5 50. Rxh5 Rc3+ 51. Kd2 Rxf3 52. Rh7 Ra3 53. Rxb7 Rxa5 54. h4 Ke4 55. h5 Ra2+ 56. Kc1 Rh2 57. Rb2 Rxh5 58. Re2+ Kd5 59. Rf2 e4 60. Rf4 e3 61. Kd1 d3 62. Ra4 Rh1# 0-1

[Event "GER Cup Net V4 U1600"]
[Site "Playchess.com INT"]
[Date "2020.05.31"]
[Round "7"]
[White "Hoke, Joshua Sky"]
[Black "Pottgiesser, Ulrich"]
[Result "1-0"]
[WhiteElo "1622"]
[BlackElo "1452"]
[PlyCount "133"]
[EventDate "2020.05.31"]
[EventType "swiss (blitz)"]
[EventRounds "9"]
[EventCountry "GER"]
[SourceTitle "EXT 2021"]
[Source "ChessBase"]
[SourceDate "2020.10.23"]
[SourceVersion "1"]
[SourceVersionDate "2020.10.23"]
[SourceQuality "1"]

1. e4 d5 2. exd5 Nf6 3. d4 Bg4 4. Nf3 Qxd5 5. Be2 Nc6 6. c3 0-0-0 7. 0-0 e5 8. dxe5 Qxd1 9. Rxd1 Rxd1+ 10. Bxd1 Bxf3 11. Bxf3 Nxe5 12. Be2 Bd6 13. Be3 a6 14. Nd2 Nfg4 15. Bd4 f6 16. h3 Nh6 17. Rd1 Re8 18. Kf1 Nf5 19. Bxe5 Bxe5 20. Nf3 Bd6 21. Nd4 Nxd4 22. Rxd4 Kd7 23. Bg4+ Kc6 24. Bf3+ Kd7 25. Bxb7 a5 26. Ba6 Rb8 27. b3 c5 28. Rd1 Rb6 29. Be2 Kc7 30. Bf3 Rb8 31. Ke2 Re8+ 32. Kd3 Re5 33. Kc4 h6 34. Rd5 Rxd5 35. Kxd5 Be5 36. c4 Kb6 37. Bg4 g5 38. f3 Bd4 39. Ke6 Be5 40. Bf5 Bd4 41. Be4 Be5 42. Kf5 Bd4 43. Kg6 h5 44. Kxh5 Be5 45. Kg4 Bd4 46. g3 Kc7 47. f4 gxf4 48. gxf4 Kd6 49. Kf5 Ke7 50. Bd5 Bc3 51. h4 Kf8 52. h5 Kg7 53. Kg4 Kh6 54. f5 Be5 55. Bf7 Bd4 56. Bg6 Be5 57. Kf3 Bd4 58. Ke4 Kg5 59. Kd5 Kh6 60. Kc6 Be3 61. Kb5 Bd4 62. Kxa5 Be3 63. Kb5 Bd4 64. a4 Kg7 65. a5 Kf8 66. a6 Be5 67. a7 1-0

[Event "GER Cup Net V4 U1600"]
[Site "Playchess.com INT"]
[Date "2020.05.31"]
[Round "4"]
[White "Smith, Tobias"]
[Black "Pottgiesser, Ulrich"]
[Result "0-1"]
[WhiteElo "1496"]
[BlackElo "1417"]
[PlyCount "98"]
[EventDate "2020.05.31"]
[EventType "swiss (blitz)"]
[EventRounds "9"]
[EventCountry "GER"]
[SourceTitle "EXT 2021"]
[Source "ChessBase"]
[SourceDate "2020.10.23"]
[SourceVersion "1"]
[SourceVersionDate "2020.10.23"]
[SourceQuality "1"]

1. e4 d5 2. exd5 Nf6 3. d4 Bg4 4. Be2 Bxe2 5. Qxe2 Qxd5 6. Nf3 Nc6 7. Be3 a6 8. c4 Qd6 9. 0-0 0-0-0 10. Nc3 e6 11. c5 Qd7 12. Rad1 Nd5 13. Ne5 Nxe5 14. dxe5 Qe7 15. Nxd5 exd5 16. Qg4+ Qe6 17. Qxe6+ fxe6 18. f4 Be7 19. b4 Rd7 20. a4 Rhd8 21. Bd4 c6 22. f5 exf5 23. Rxf5 Rf8 24. Rdf1 Rdd8 25. Rf7 Rxf7 26. Rxf7 Bf8 27. e6 Re8 28. Bxg7 Bxg7 29. Rxg7 Rxe6 30. Rg8+ Kc7 31. Rg7+ Kb8 32. Rg4 h5 33. Rh4 Re5 34. Kf2 Kc7 35. Kf3 Kd7 36. Rd4 Ke6 37. Kf4 Rf5+ 38. Ke3 Rg5 39. Kf3 Ke5 40. Rh4 Rg4 41. Rxg4 hxg4+ 42. Kxg4 d4 43. h4 d3 44. Kf3 Kd4 45. h5 Kc3 46. h6 d2 47. Ke2 Kc2 48. h7 d1Q+ 49. Ke3 Qh5 0-1

[Event "GER Cup Net V3 U1600"]
[Site "Playchess.com INT"]
[Date "2020.05.27"]
[Round "2"]
[White "Pottgiesser, Ulrich"]
[Black "Kuever, Bastian"]
[Result "0-1"]
[WhiteElo "1378"]
[BlackElo "1579"]
[PlyCount "48"]
[EventDate "2020.05.27"]
[EventType "swiss (blitz)"]
[EventRounds "9"]
[EventCountry "GER"]
[SourceTitle "EXT 2021"]
[Source "ChessBase"]
[SourceDate "2020.10.23"]
[SourceVersion "1"]
[SourceVersionDate "2020.10.23"]
[SourceQuality "1"]

1. e4 e6 2. d4 d5 3. e5 c5 4. c3 Nc6 5. Nf3 Nge7 6. Bd3 Ng6 7. Bxg6 hxg6 8. 0-0 cxd4 9. cxd4 a6 10. a3 b5 11. b4 Qb6 12. Be3 Bb7 13. Nbd2 a5 14. Qb3 axb4 15. axb4 Bxb4 16. Rxa8+ Bxa8 17. Ra1 0-0 18. Ra2 Bxd2 19. Bxd2 Nxd4 20. Nxd4 Qxd4 21. Bc3 Qe4 22. f3 Qe3+ 23. Kh1 d4 24. Bb4 Qxb3 0-1

[Event "GER Cup Net V3 U1600"]
[Site "Playchess.com INT"]
[Date "2020.05.27"]
[Round "8"]
[White "Pottgiesser, Ulrich"]
[Black "Maly, Wolfgang"]
[Result "1-0"]
[WhiteElo "1378"]
[BlackElo "1344"]
[PlyCount "112"]
[EventDate "2020.05.27"]
[EventType "swiss (blitz)"]
[EventRounds "9"]
[EventCountry "GER"]
[SourceTitle "EXT 2021"]
[Source "ChessBase"]
[SourceDate "2020.10.23"]
[SourceVersion "1"]
[SourceVersionDate "2020.10.23"]
[SourceQuality "1"]

1. e4 Nc6 2. Nf3 d5 3. exd5 Qxd5 4. Nc3 Qh5 5. Be2 Bg4 6. 0-0 e6 7. d4 Bb4 8. Bd2 0-0-0 9. a3 Bxc3 10. Bxc3 Nf6 11. Re1 Ne4 12. Qd3 Nxc3 13. Qxc3 Qd5 14. Rad1 Rd6 15. h3 Bxf3 16. Bxf3 Qb5 17. Bxc6 Rxc6 18. Qb3 Qxb3 19. cxb3 Rd8 20. Rd3 Rcd6 21. Red1 e5 22. d5 c6 23. Rc3 Rxd5 24. Rxd5 Rxd5 25. Rc2 Kc7 26. Kf1 Rd1+ 27. Ke2 Rd5 28. Ke3 f6 29. f3 b5 30. Ke4 Rd4+ 31. Kf5 Rf4+ 32. Ke6 Rd4 33. Kf7 Rd7+ 34. Ke6 a5 35. g3 Rd3 36. f4 exf4 37. gxf4 Re3+ 38. Kf7 Rxb3 39. Kxg7 Rxh3 40. Kxf6 Rh6+ 41. Kg5 Rg6+ 42. Kh5 Kd6 43. f5 Rf6 44. Kg4 h5+ 45. Kg5 Rf8 46. Rf2 Ke5 47. f6 h4 48. Kg6 h3 49. f7 h2 50. Rxh2 Ke6 51. Rf2 b4 52. Kg7 Ke7 53. Re2+ Kd6 54. Kxf8 bxa3 55. bxa3 c5 56. Kg8 c4 1-0

[Event "GER Cup Net V2 U1600"]
[Site "Playchess.com INT"]
[Date "2020.05.22"]
[Round "3"]
[White "Kuever, Bastian"]
[Black "Pottgiesser, Ulrich"]
[Result "0-1"]
[WhiteElo "1630"]
[BlackElo "1492"]
[PlyCount "104"]
[EventDate "2020.05.22"]
[EventType "swiss (blitz)"]
[EventRounds "9"]
[EventCountry "GER"]
[SourceTitle "EXT 2021"]
[Source "ChessBase"]
[SourceDate "2020.10.23"]
[SourceVersion "1"]
[SourceVersionDate "2020.10.23"]
[SourceQuality "1"]

1. e4 d5 2. exd5 Nf6 3. Nc3 Nxd5 4. Bc4 c6 5. d4 e6 6. Nf3 Be7 7. 0-0 0-0 8. Nxd5 exd5 9. Bd3 h6 10. Bf4 Nd7 11. Re1 Re8 12. Ne5 Nxe5 13. Rxe5 Bf6 14. Rxe8+ Qxe8 15. c3 Be6 16. Qf3 Qd7 17. Qg3 Kh8 18. Re1 Re8 19. b3 a6 20. Be3 Bf5 21. Bxf5 Qxf5 22. c4 dxc4 23. bxc4 Bxd4 24. f4 Bxe3+ 25. Rxe3 Rxe3 26. Qxe3 Qb1+ 27. Kf2 Qxa2+ 28. Qe2 Qxe2+ 29. Kxe2 b5 30. Kd3 Kg8 31. cxb5 cxb5 32. f5 Kf8 33. Kc3 Ke7 34. Kb4 Kd6 35. g4 f6 36. Kc3 Kc5 37. Kd3 a5 38. h3 a4 39. Kc3 b4+ 40. Kc2 Kc4 41. Kb2 a3+ 42. Kc2 b3+ 43. Kb1 Kc3 44. Ka1 Kd3 45. g5 b2+ 46. Kb1 hxg5 47. h4 gxh4 48. Ka2 h3 49. Kb1 h2 50. Ka2 h1Q 51. Kb3 b1Q+ 52. Kxa3 Qa8# 0-1

[Event "GER Cup Net V2 U1600"]
[Site "Playchess.com INT"]
[Date "2020.05.22"]
[Round "1"]
[White "Pottgiesser, Ulrich"]
[Black "Heiligtag, Matthias"]
[Result "0-1"]
[WhiteElo "1492"]
[BlackElo "1648"]
[PlyCount "52"]
[EventDate "2020.05.22"]
[EventType "swiss (blitz)"]
[EventRounds "9"]
[EventCountry "GER"]
[SourceTitle "EXT 2021"]
[Source "ChessBase"]
[SourceDate "2020.10.23"]
[SourceVersion "1"]
[SourceVersionDate "2020.10.23"]
[SourceQuality "1"]

1. e4 e5 2. Nf3 Nf6 3. Nxe5 d6 4. Nf3 Nxe4 5. Nc3 Nxc3 6. dxc3 Be7 7. Bd3 0-0 8. Be3 Re8 9. Qd2 Bg4 10. Be2 Bxf3 11. Bxf3 c6 12. 0-0-0 d5 13. Rhe1 Bf6 14. Bf4 Rxe1 15. Rxe1 Nd7 16. h3 Nb6 17. a3 Nc4 18. Qe2 h6 19. Kb1 Bg5 20. Bxg5 Qxg5 21. Qe7 Nd2+ 22. Ka2 Qxe7 23. Rxe7 Nxf3 24. gxf3 b6 25. Kb1 Kf8 26. Kc1 Kxe7 0-1

[Event "GER Cup Net V2 U1600"]
[Site "Playchess.com INT"]
[Date "2020.05.22"]
[Round "2"]
[White "Pottgiesser, Ulrich"]
[Black "Kauschanski, Nicolas"]
[Result "1-0"]
[WhiteElo "1492"]
[BlackElo "1279"]
[PlyCount "39"]
[EventDate "2020.05.22"]
[EventType "swiss (blitz)"]
[EventRounds "9"]
[EventCountry "GER"]
[SourceTitle "EXT 2021"]
[Source "ChessBase"]
[SourceDate "2020.10.23"]
[SourceVersion "1"]
[SourceVersionDate "2020.10.23"]
[SourceQuality "1"]

1. e4 e6 2. d4 d5 3. e5 c5 4. c3 Qb6 5. Nf3 Nc6 6. Bd3 cxd4 7. cxd4 Bd7 8. 0-0 Nge7 9. Nc3 Nxd4 10. Nxd4 Qxd4 11. Nb5 Qxe5 12. Re1 Qb8 13. Qf3 a6 14. Nc3 Nc6 15. Bf4 Bd6 16. Bxd6 Qxd6 17. Nxd5 Ne5 18. Qg3 Qxd5 19. Rxe5 Qxd3 20. Qxd3 1-0

[Event "Wuertemberg-ch Seniors 27th"]
[Site "Freudenstadt"]
[Date "2015.07.10"]
[Round "8"]
[White "Luebbers, Doris"]
[Black "Pottgiesser, Ulrich"]
[Result "1/2-1/2"]
[WhiteElo "1527"]
[BlackElo "1711"]
[PlyCount "65"]
[EventDate "2015.07.03"]
[EventType "swiss"]
[EventRounds "9"]
[EventCountry "GER"]
[SourceTitle "EXT 2016"]
[Source "ChessBase"]
[SourceDate "2015.10.08"]
[SourceVersion "1"]
[SourceVersionDate "2015.10.08"]
[SourceQuality "1"]

1. d4 d5 2. Nf3 Nf6 3. e3 e6 4. Bd3 c5 5. b3 b6 6. Bb2 Bb7 7. Nbd2 Nbd7 8. 0-0 Be7 9. Rc1 Rc8 10. c4 0-0 11. cxd5 exd5 12. dxc5 bxc5 13. Re1 Re8 14. Ne5 Nxe5 15. Bxe5 Bd6 16. Bxd6 Qxd6 17. Bf1 Qc7 18. g3 Qa5 19. Qc2 Qb4 20. Red1 Red8 21. h3 Qb6 22. Qb1 Qe6 23. Bg2 Ba8 24. Qb2 d4 25. exd4 Bxg2 26. Kxg2 cxd4 27. Rxc8 Qxc8 28. Nc4 Qc6+ 29. f3 Qd5 30. Rd3 Qe6 31. Qd2 Rc8 32. Rxd4 g6 33. Rd3 1/2-1/2

[Event "Wuerttemberg-ch Seniors op 26th"]
[Site "Freudenstadt"]
[Date "2014.07.24"]
[Round "9"]
[White "Straesser, Gerda"]
[Black "Pottgiesser, Ulrich"]
[Result "1/2-1/2"]
[WhiteElo "1745"]
[BlackElo "1678"]
[PlyCount "66"]
[EventDate "2014.07.16"]
[EventType "swiss"]
[EventRounds "9"]
[EventCountry "GER"]
[SourceTitle "EXT 2019"]
[Source "ChessBase"]
[SourceDate "2018.10.10"]
[SourceVersion "1"]
[SourceVersionDate "2018.10.10"]
[SourceQuality "1"]

1. e4 d5 2. exd5 Nf6 3. Nc3 Nxd5 4. Nxd5 Qxd5 5. d4 Nc6 6. Nf3 Bf5 7. c3 0-0-0 8. Qb3 e6 9. Qxd5 exd5 10. Be3 f6 11. h3 g5 12. g4 Be6 13. 0-0-0 h5 14. gxh5 Rxh5 15. Bg2 Be7 16. Nd2 Rdh8 17. Rde1 Kd7 18. f4 f5 19. fxg5 Bxg5 20. Bxg5 Rxg5 21. Bf3 f4 22. Bg4 Bxg4 23. hxg4 Rxh1 24. Rxh1 Rxg4 25. Rh7+ Ne7 26. Nf3 Ke8 27. Rh4 Rxh4 28. Nxh4 Kf7 29. Kd2 Kf6 30. Ke2 Nf5 31. Nf3 Ng3+ 32. Kd3 Ne4 33. Ne5 f3 1/2-1/2

[Event "Wuerttemberg-ch Seniors op 26th"]
[Site "Freudenstadt"]
[Date "2014.07.23"]
[Round "8"]
[White "Pottgiesser, Ulrich"]
[Black "Janzen, Christian"]
[Result "1/2-1/2"]
[WhiteElo "1678"]
[BlackElo "1760"]
[PlyCount "43"]
[EventDate "2014.07.16"]
[EventType "swiss"]
[EventRounds "9"]
[EventCountry "GER"]
[SourceTitle "EXT 2019"]
[Source "ChessBase"]
[SourceDate "2018.10.10"]
[SourceVersion "1"]
[SourceVersionDate "2018.10.10"]
[SourceQuality "1"]

1. e4 e5 2. Nf3 Nc6 3. d4 exd4 4. Nxd4 Bc5 5. Be3 Nxd4 6. Bxd4 Bxd4 7. Qxd4 Qf6 8. Qxf6 Nxf6 9. Nc3 d6 10. Nb5 Kd8 11. f3 Bd7 12. 0-0-0 a6 13. Nc3 b5 14. Nd5 Nxd5 15. exd5 Re8 16. Bd3 g6 17. Rhe1 Re7 18. g4 c5 19. dxc6 Bxc6 20. Rxe7 Kxe7 21. Be4 Bxe4 22. fxe4 1/2-1/2

[Event "Stuttgart-chB int"]
[Site "Gerlingen"]
[Date "2007.05.18"]
[Round "4"]
[White "Donchenko, Alexander"]
[Black "Pottgiesser, Ulrich"]
[Result "1/2-1/2"]
[WhiteElo "1274"]
[BlackElo "1570"]
[PlyCount "35"]
[EventDate "2007.05.17"]
[EventType "swiss"]
[EventRounds "7"]
[EventCountry "GER"]
[SourceTitle "EXT 2018"]
[Source "ChessBase"]
[SourceDate "2017.10.13"]
[SourceVersion "1"]
[SourceVersionDate "2017.10.13"]
[SourceQuality "1"]

1. d4 d5 2. c4 c6 3. cxd5 cxd5 4. Nc3 e6 5. Nf3 Nf6 6. Bf4 Be7 7. e3 0-0 8. Bd3 Nc6 9. 0-0 Bd7 10. a3 a6 11. b4 b5 12. Qb3 Qb6 13. Rfc1 Rfc8 14. Rc2 Qb7 15. Rac1 Nh5 16. Bg3 Nxg3 17. hxg3 Bf6 18. Ne2 1/2-1/2

[Event "Stuttgart-chB int"]
[Site "Ditzingen"]
[Date "2006.05.26"]
[Round "4"]
[White "Pottgiesser, Ulrich"]
[Black "Behm, Wilfried"]
[Result "1-0"]
[WhiteElo "1614"]
[BlackElo "1871"]
[PlyCount "71"]
[EventDate "2006.05.25"]
[EventType "swiss"]
[EventRounds "7"]
[EventCountry "GER"]
[SourceTitle "EXT 2018"]
[Source "ChessBase"]
[SourceDate "2017.10.13"]
[SourceVersion "1"]
[SourceVersionDate "2017.10.13"]
[SourceQuality "1"]

1. e4 e6 2. d4 d5 3. e5 c5 4. c3 Nc6 5. Nf3 Bd7 6. a3 a6 7. Bd3 b5 8. dxc5 Bxc5 9. b4 Bb6 10. 0-0 Nge7 11. Nbd2 Ng6 12. Bxg6 hxg6 13. Nb3 Rh5 14. Bf4 Bc7 15. Re1 Kf8 16. Qd2 Qb8 17. Nc5 Be8 18. Nd3 Qc8 19. Re2 Bb6 20. Rc1 Qd7 21. Bg3 Rc8 22. Qf4 Ne7 23. Qd2 Qa7 24. Nf4 Rh8 25. Nh3 Nf5 26. Bf4 Rc4 27. Be3 Bxe3 28. fxe3 Re4 29. Nd4 Qc7 30. Ng5 Reh4 31. Ngxe6+ fxe6 32. Nxe6+ Ke7 33. Nxc7 Rxh2 34. Kf2 Nh4 35. Rg1 Rf8+ 36. Ke1 1-0